000 00338 a2200157 4500
001 46835
020 _a9788589598507
040 _cAnchieta - Aquarius
100 _aCoelho, Maria Alice
240 1 0 _a=A bruxa do 88
_lpor
245 1 0 _a=A bruxa do 88
300 _a
362 0 _a2013
650 4 _aLiteratura brasileira
942 _cBK
999 _c46835
_d46835